000
00279nam a2200097Ia 4500
008
220204s9999 xx 000 0 und d
082
_a
929(058)
_b
INT
245
0
_a
International yearbook and statesman's who's who
260
_a
Great Britain
_b
Kelly's Directories
_c
1976
942
_c
BK
999
_c
24608
_d
24608